<?xml version="1.0" encoding="UTF-8"?>
<record
    xmlns:xsi="http://www.w3.org/2001/XMLSchema-instance"
    xsi:schemaLocation="http://www.loc.gov/MARC21/slim http://www.loc.gov/standards/marcxml/schema/MARC21slim.xsd"
    xmlns="http://www.loc.gov/MARC21/slim">

  <leader>02909cam a22004098i 4500</leader>
  <controlfield tag="001">23730743</controlfield>
  <controlfield tag="003">EG-ScBUE</controlfield>
  <controlfield tag="005">20250216102100.0</controlfield>
  <controlfield tag="008">240613s2024    enka   f b    000 0 eng d</controlfield>
  <datafield tag="020" ind1=" " ind2=" ">
    <subfield code="a">9781032428512</subfield>
  </datafield>
  <datafield tag="040" ind1=" " ind2=" ">
    <subfield code="a">DLC</subfield>
    <subfield code="b">eng</subfield>
    <subfield code="e">rda</subfield>
    <subfield code="c">DLC</subfield>
    <subfield code="d">EG-ScBUE</subfield>
  </datafield>
  <datafield tag="041" ind1="0" ind2=" ">
    <subfield code="a">eng</subfield>
    <subfield code="a">ara</subfield>
  </datafield>
  <datafield tag="082" ind1="0" ind2="4">
    <subfield code="a">492.78241</subfield>
    <subfield code="2">22</subfield>
    <subfield code="b">MOH</subfield>
  </datafield>
  <datafield tag="100" ind1="1" ind2=" ">
    <subfield code="a">Mu&#x1E25;ammad, Ya&#x1E25;y&#xE1; &#x2BB;Abd al-Mubd&#x12B;,</subfield>
    <subfield code="e">author.</subfield>
  </datafield>
  <datafield tag="245" ind1="1" ind2="0">
    <subfield code="a">Arabic for politics and international relations =</subfield>
    <subfield code="b">&#x627;&#x644;&#x639;&#x631;&#x628;&#x64A;&#x629; &#x644;&#x623;&#x63A;&#x631;&#x627;&#x636; &#x627;&#x644;&#x633;&#x64A;&#x627;&#x633;&#x629; &#x648;&#x627;&#x644;&#x639;&#x644;&#x627;&#x642;&#x627;&#x62A; &#x627;&#x644;&#x62F;&#x648;&#x644;&#x64A;&#x629; /</subfield>
    <subfield code="c">Yehia A. Mohamed.</subfield>
  </datafield>
  <datafield tag="246" ind1="3" ind2="1">
    <subfield code="6">880-03</subfield>
    <subfield code="a">&#x639;&#x631;&#x628;&#x64A;&#x629; &#x644;&#x623;&#x63A;&#x631;&#x627;&#x636; &#x627;&#x644;&#x633;&#x64A;&#x627;&#x633;&#x629; &#x648;&#x627;&#x644;&#x639;&#x644;&#x627;&#x642;&#x627;&#x62A; &#x627;&#x644;&#x62F;&#x648;&#x644;&#x64A;&#x629;</subfield>
  </datafield>
  <datafield tag="264" ind1=" " ind2="1">
    <subfield code="a">Abingdon, Oxon ;</subfield>
    <subfield code="a">New York, NY :</subfield>
    <subfield code="b">Routledge,</subfield>
    <subfield code="c">2024.</subfield>
  </datafield>
  <datafield tag="300" ind1=" " ind2=" ">
    <subfield code="a">xvii, 316 pages :</subfield>
    <subfield code="b">illustrations ;</subfield>
    <subfield code="c">24 cm</subfield>
  </datafield>
  <datafield tag="336" ind1=" " ind2=" ">
    <subfield code="a">text</subfield>
    <subfield code="b">txt</subfield>
    <subfield code="2">rdacontent</subfield>
  </datafield>
  <datafield tag="337" ind1=" " ind2=" ">
    <subfield code="a">unmediated</subfield>
    <subfield code="b">n</subfield>
    <subfield code="2">rdamedia</subfield>
  </datafield>
  <datafield tag="338" ind1=" " ind2=" ">
    <subfield code="a">volume</subfield>
    <subfield code="b">nc</subfield>
    <subfield code="2">rdacarrier</subfield>
  </datafield>
  <datafield tag="504" ind1=" " ind2=" ">
    <subfield code="a">Includes bibliographical references.</subfield>
  </datafield>
  <datafield tag="520" ind1=" " ind2=" ">
    <subfield code="a">"Arabic for Politics and International Relations is the first textbook for high-intermediate to advanced students of Arabic that focuses on Arabic as it is used in the fields of politics, diplomacy, governance and international relations. Thematically organised, each chapter includes a selection of authentic reading texts that exemplify the language in use while introducing students to a key topic or theme such as political systems, government, human rights, conflict resolution and defence. Each chapter has a range of exercises that include comprehension questions, questions designed to develop vocabulary, understanding of morphology, rhetoric and style, and a range of activities that allow students to practice all four language skills: reading, listening, speaking, and writing. Arabic for Politics and International Relations is ideal for advanced-level Arabic courses"--</subfield>
    <subfield code="c">Provided by publisher.</subfield>
  </datafield>
  <datafield tag="546" ind1=" " ind2=" ">
    <subfield code="a">English and Arabic.</subfield>
  </datafield>
  <datafield tag="650" ind1=" " ind2="7">
    <subfield code="a">Arabic language</subfield>
    <subfield code="v">Textbooks for foreign speakers</subfield>
    <subfield code="x">English.</subfield>
    <subfield code="2">BUEsh</subfield>
  </datafield>
  <datafield tag="650" ind1=" " ind2="7">
    <subfield code="a">Arabic language</subfield>
    <subfield code="x">Rhetoric</subfield>
    <subfield code="v">Problems, exercises, etc.</subfield>
    <subfield code="2">BUEsh</subfield>
  </datafield>
  <datafield tag="650" ind1=" " ind2="7">
    <subfield code="a">Communication in politics.</subfield>
    <subfield code="2">BUEsh</subfield>
  </datafield>
  <datafield tag="650" ind1=" " ind2="7">
    <subfield code="a">Communication in international relations.</subfield>
    <subfield code="2">BUEsh</subfield>
  </datafield>
  <datafield tag="655" ind1=" " ind2="7">
    <subfield code="v">Reading book</subfield>
  </datafield>
  <datafield tag="776" ind1="0" ind2="8">
    <subfield code="i">Online version:</subfield>
    <subfield code="a">Mu&#x1E25;ammad, Ya&#x1E25;y&#xE1; &#x2BB;Abd al-Mubd&#x12B;.</subfield>
    <subfield code="t">Arabic for politics and international relations</subfield>
    <subfield code="d">Abingdon, Oxon ; New York, NY : Routledge, 2024</subfield>
    <subfield code="z">9781003364573</subfield>
    <subfield code="w">(DLC) 2024022510</subfield>
  </datafield>
  <datafield tag="880" ind1="1" ind2="0">
    <subfield code="6">245-02/(3/r</subfield>
    <subfield code="a">Arabic for politics and international relations /</subfield>
    <subfield code="c">Yehia A. Mohamed =  /</subfield>
    <subfield code="c">&#x64A;&#x62D;&#x64A;&#x649; &#x639;&#x628;&#x62F; &#x627;&#x644;&#x645;&#x628;&#x62F;&#x64A; &#x645;&#x62D;&#x645;&#x62F;.</subfield>
  </datafield>
  <datafield tag="880" ind1="3" ind2="1">
    <subfield code="6">246-03/(3/r</subfield>
    <subfield code="a">&#x639;&#x631;&#x628;&#x64A;&#x629; &#x644;&#x623;&#x63A;&#x631;&#x627;&#x636; &#x627;&#x644;&#x633;&#x64A;&#x627;&#x633;&#x629; &#x648;&#x627;&#x644;&#x639;&#x644;&#x627;&#x642;&#x627;&#x62A; &#x627;&#x644;&#x62F;&#x648;&#x644;&#x64A;&#x629;</subfield>
  </datafield>
  <datafield tag="906" ind1=" " ind2=" ">
    <subfield code="a">7</subfield>
    <subfield code="b">cbc</subfield>
    <subfield code="c">orignew</subfield>
    <subfield code="d">1</subfield>
    <subfield code="e">ecip</subfield>
    <subfield code="f">20</subfield>
    <subfield code="g">y-nonroman</subfield>
  </datafield>
  <datafield tag="942" ind1=" " ind2=" ">
    <subfield code="2">ddc</subfield>
    <subfield code="c">BB</subfield>
  </datafield>
  <datafield tag="999" ind1=" " ind2=" ">
    <subfield code="c">30890</subfield>
    <subfield code="d">30861</subfield>
  </datafield>
  <datafield tag="952" ind1=" " ind2=" ">
    <subfield code="0">0</subfield>
    <subfield code="1">0</subfield>
    <subfield code="2">ddc</subfield>
    <subfield code="4">0</subfield>
    <subfield code="7">0</subfield>
    <subfield code="8">Baccah</subfield>
    <subfield code="a">MAIN</subfield>
    <subfield code="b">MAIN</subfield>
    <subfield code="c">2ND</subfield>
    <subfield code="d">2025-02-16</subfield>
    <subfield code="e">Purchase</subfield>
    <subfield code="g">2010.00</subfield>
    <subfield code="h">39018</subfield>
    <subfield code="l">0</subfield>
    <subfield code="o">492.78241 MOH</subfield>
    <subfield code="p">000057253</subfield>
    <subfield code="r">2025-07-15 00:00:00</subfield>
    <subfield code="v">3263.00</subfield>
    <subfield code="w">2025-02-16</subfield>
    <subfield code="y">BB</subfield>
  </datafield>
</record>
